000 00896cab a2200229 4500
001 ABS47753
008 090401t1992 xxu||||| |||| 00| 0 eng d
035 _a(Sirsi) u63331
041 _aeng
100 _aChevin, D.
245 _aLeading edge
260 _c1992
350 _a0
490 _aBuilding
_v257(7770) 13 November 1992, 62-63(2)
520 _aReviews the Chartered Institute of Building`s "Code of Practice for Project Management for Construction and Development" in the light of the growing trend of specialist project management firms leading the building team. Includes comment on the RIBA working party which has been set up to ensure that architects are not completely forgotten.
650 _aARLINGTON PROJECT MANAGEMENT
650 _aASSOCIATION OF PROJECT MANAGERS
650 _aCIOB
690 _aProject management
_96261
942 _n0
948 _c04/03/1997
999 _c39376
_d39376